[Event "ICS rated blitz match"]
[Site "204.178.125.65"]
[Date "2000.11.21"]
[Round "?"]
[White "sekere"]
[Black "Hossa"]
[Result "1/2-1/2"]
[WhiteElo "2242"]
[BlackElo "2527"]
[PlyCount "134"]
[EventDate "2000.??.??"]

1. e4 c5 2. Nf3 e6 3. d4 cxd4 4. Nxd4 a6 5. Nc3 b5 6. g3 Bb7 7. Bg2 b4 8. Nce2
d6 9. O-O Nf6 10. f3 d5 11. e5 Nfd7 12. f4 Bc5 13. Be3 Nc6 14. Kh1 Na5 15. Qd3
Nc4 16. Bc1 Qc7 17. b3 Na5 18. Bb2 Rc8 19. c3 bxc3 20. Bxc3 Bxd4 21. Bxd4 Qc2
22. Rfd1 Qxd3 23. Rxd3 Nc6 24. Bb2 g5 25. Rc1 Rg8 26. a3 a5 27. Nd4 gxf4 28.
gxf4 Nxd4 29. Rxc8+ Bxc8 30. Bxd4 Nb8 31. Rc3 Bd7 32. Kg1 Rg4 33. Rf3 Bb5 34.
Kf2 Nc6 35. Be3 Be2 36. Kxe2 Rxg2+ 37. Rf2 Rg1 38. Rf1 Rxf1 39. Kxf1 f6 40.
exf6 Kf7 41. Ke2 Kxf6 42. Kd3 Kf5 43. Bd2 Kg4 44. b4 axb4 45. axb4 Nb8 46. b5
Nd7 47. Be3 Kh3 48. b6 Kxh2 49. b7 Kg3 50. Kd4 Kg4 51. Kd3 h5 52. Ke2 h4 53.
Kf2 h3 54. Kg1 Kg3 55. Bd2 d4 56. Bc1 d3 57. Bd2 h2+ 58. Kh1 Kf3 59. Kxh2 Ke2
60. Bc1 d2 61. Bxd2 Kxd2 62. Kg3 Ke3 63. Kg4 Ke4 64. Kg5 Kd5 65. f5 Kd6 66.
fxe6 Kxe6 67. b8=Q Nxb8 {Game drawn because neither player has mating material}
1/2-1/2

[Event "ICS rated bullet match"]
[Site "204.178.125.65"]
[Date "2000.11.21"]
[Round "?"]
[White "Impersonator"]
[Black "Hossa"]
[Result "0-1"]
[WhiteElo "2091"]
[BlackElo "2602"]
[PlyCount "106"]
[EventDate "2000.??.??"]

1. e4 c5 2. d3 e6 3. f4 d5 4. e5 Nh6 5. Nf3 Be7 6. g3 Qa5+ 7. c3 Bd7 8. Bg2 Na6
9. O-O O-O-O 10. Be3 Ng4 11. Bd2 Qb6 12. h3 c4+ 13. d4 Qxb2 14. Na3 Nh6 15. Nc2
Nf5 16. Kh2 Ba4 17. Rc1 Qxa2 18. Qe2 Bxc2 19. Ra1 Qb2 20. Bc1 Qxc3 21. Ba3 Bxa3
22. Ra2 Bd3 23. Qe1 Qxe1 24. Rxe1 Bb4 25. Rea1 Bc3 26. Rc1 Bxd4 27. Nxd4 Nxd4
28. Bf1 Nf3+ 29. Kg2 Bxf1+ 30. Rxf1 Nd4 31. Rb1 Nc6 32. Rab2 b6 33. Rc1 Nc5 34.
Rb5 Nd3 35. Rc2 Ne1+ 36. Kf2 Nxc2 37. Rb2 N2b4 38. Rxb4 Nxb4 39. g4 Kd7 40. f5
Kc6 41. f6 Kc5 42. fxg7 Nd3+ 43. Kf3 Rhg8 44. g5 Nxe5+ 45. Kf4 Nd3+ 46. Kg4
Rxg7 47. h4 c3 48. h5 c2 49. h6 Rgg8 50. Kh5 a6 51. g6 Rxg6 52. Kh4 c1=Q 53.
Kh3 Qh1# {Impersonator checkmated} 0-1

[Event "ICS rated blitz match"]
[Site "204.178.125.65"]
[Date "2000.11.21"]
[Round "?"]
[White "Hossa"]
[Black "PostModernist"]
[Result "0-1"]
[WhiteElo "2516"]
[BlackElo "2661"]
[PlyCount "84"]
[EventDate "2000.??.??"]

1. e4 c6 2. d4 d5 3. Nc3 dxe4 4. Nxe4 Nd7 5. Bd3 Ndf6 6. Ng5 Bg4 7. f3 Bh5 8.
Ne2 e6 9. c3 Bd6 10. Bf4 Nd5 11. Bxd6 Qxg5 12. Ng3 O-O-O 13. Ba3 Bg6 14. Bb1
Bxb1 15. Rxb1 Ne3 16. Qe2 f5 17. Bc5 f4 18. Ne4 Qg6 19. Rg1 Nf6 20. Nd2 e5 21.
Bxa7 exd4 22. Bxd4 Rhe8 23. Ne4 Nxe4 24. fxe4 Qxe4 25. Kf2 Qg6 26. g4 fxg3+ 27.
Rxg3 Rf8+ 28. Rf3 Ng4+ 29. Kg1 Ne5+ 30. Rg3 Qxb1+ 31. Kg2 Ng6 32. Be3 Rde8 33.
Qg4+ Kc7 34. Qc4 b5 35. Qe2 Rxe3 36. Rxe3 Nf4+ 37. Kf2 Nxe2+ 38. Rf3 Qg1+ 39.
Kxe2 Qg2+ 40. Rf2 Qxf2+ 41. Kd1 Re8 42. Kc1 Re1# {Hossa checkmated} 0-1

[Event "ICS rated blitz match"]
[Site "204.178.125.65"]
[Date "2000.11.21"]
[Round "?"]
[White "Hossa"]
[Black "A32Kumar"]
[Result "1-0"]
[WhiteElo "2506"]
[BlackElo "2100"]
[PlyCount "28"]
[EventDate "2000.??.??"]

1. c4 e6 2. Nc3 d5 3. d4 f5 4. Nf3 Nf6 5. cxd5 exd5 6. Bg5 c6 7. e3 Be7 8. Bd3
O-O 9. Ne5 Nbd7 10. Bxf5 Ne4 11. Bxe7 Qxe7 12. Bxe4 Nxe5 13. Bxd5+ cxd5 14.
dxe5 Qh4 {A32Kumar resigns} 1-0

[Event "ICS rated blitz match"]
[Site "204.178.125.65"]
[Date "2000.11.21"]
[Round "?"]
[White "PostModernist"]
[Black "Hossa"]
[Result "0-1"]
[WhiteElo "2671"]
[BlackElo "2509"]
[PlyCount "104"]
[EventDate "2000.??.??"]

1. d4 f5 2. g3 e6 3. Nf3 d5 4. Bg2 Bd6 5. O-O Nf6 6. c4 dxc4 7. Qa4+ Bd7 8.
Qxc4 b5 9. Qd3 Bc6 10. Ng5 Bxg2 11. Kxg2 Qd7 12. Qf3 c6 13. Nc3 h6 14. Nh3 g5
15. Qe3 O-O 16. Kh1 Rd8 17. f4 g4 18. Nf2 c5 19. Kg1 c4 20. a3 Bc7 21. a4 b4
22. Nb5 Ba5 23. d5 Nxd5 24. Qc5 Qc6 25. Qxc6 Nxc6 26. e4 a6 27. exd5 exd5 28.
Be3 d4 29. Nxd4 Nxd4 30. Bxd4 Rxd4 31. Rae1 Rd2 32. Re6 Rxb2 33. Rxh6 Ra2 34.
Rg6+ Kh7 35. Rf6 Ra7 36. Rxf5 Bb6 37. a5 Be3 38. Rh5+ Kg8 39. Re5 Re2 40. Rxe3
Rxe3 41. Nxg4 Re2 42. Nf6+ Kg7 43. Nd5 b3 44. Rb1 Rd7 45. Nc3 Rc2 46. Nd1 Rdd2
47. Ne3 b2 48. Nxc2 Rxc2 49. Rxb2 Rxb2 50. Kf1 c3 51. Ke1 Rb1+ 52. Ke2 c2 {
PostModernist resigns} 0-1

[Event "ICS rated blitz match"]
[Site "204.178.125.65"]
[Date "2000.11.21"]
[Round "?"]
[White "sekere"]
[Black "Hossa"]
[Result "0-1"]
[WhiteElo "2209"]
[BlackElo "2532"]
[PlyCount "32"]
[EventDate "2000.??.??"]

1. e4 c6 2. d4 d5 3. Nd2 dxe4 4. Nxe4 Nd7 5. Bc4 Nb6 6. Bb3 Bf5 7. Ng3 Bg6 8.
Nf3 e6 9. O-O Nf6 10. Re1 c5 11. Bg5 c4 12. d5 cxb3 13. dxe6 Qxd1 14. Raxd1
bxc2 15. exf7+ Kxf7 16. Rc1 Nbd7 {sekere resigns} 0-1

[Event "ICS rated blitz match"]
[Site "204.178.125.65"]
[Date "2000.11.21"]
[Round "?"]
[White "Hossa"]
[Black "sekere"]
[Result "1-0"]
[WhiteElo "2536"]
[BlackElo "2205"]
[PlyCount "49"]
[EventDate "2000.??.??"]

1. c4 e5 2. Nc3 f5 3. d4 e4 4. Bf4 Nf6 5. e3 d6 6. f3 Be7 7. g4 exf3 8. gxf5
O-O 9. Qxf3 c6 10. Bd3 d5 11. O-O-O Bd6 12. Nh3 Kh8 13. cxd5 Bxf4 14. Nxf4 Nxd5
15. Ncxd5 cxd5 16. Qxd5 Qxd5 17. Nxd5 Nc6 18. Rhf1 Bd7 19. f6 g6 20. Nc3 Rae8
21. Kd2 Re6 22. d5 Rexf6 23. Rxf6 Rxf6 24. dxc6 Bxc6 25. Rf1 {sekere resigns}
1-0

[Event "ICS rated bullet match"]
[Site "204.178.125.65"]
[Date "2000.11.21"]
[Round "?"]
[White "Akib"]
[Black "Hossa"]
[Result "0-1"]
[WhiteElo "2125"]
[BlackElo "2604"]
[PlyCount "74"]
[EventDate "2000.??.??"]

1. e4 c6 2. Nc3 g6 3. Nf3 Bg7 4. d4 d5 5. h3 dxe4 6. Nxe4 Nd7 7. Bc4 Ngf6 8.
Nxf6+ Nxf6 9. O-O O-O 10. Re1 Bf5 11. Bg5 Ne4 12. Bf4 Nd6 13. Bb3 b6 14. c3 a5
15. a4 Qc7 16. Qd2 c5 17. Bh6 c4 18. Bd1 Rfe8 19. Bxg7 Kxg7 20. Ne5 f6 21. Ng4
Kh8 22. Bf3 Rad8 23. Bd5 e6 24. Bf3 Bxg4 25. hxg4 Nf7 26. Qc2 Ng5 27. Re3 e5
28. Rae1 Nxf3+ 29. gxf3 Qc6 30. dxe5 Rxe5 31. Rxe5 fxe5 32. Qe4 Rd5 33. Kg2 Kg7
34. f4 exf4 35. Qe7+ Kg8 36. Kh3 Rd2 37. Re6 Qh1# {Akib checkmated} 0-1

[Event "ICS rated bullet match"]
[Site "204.178.125.65"]
[Date "2000.11.21"]
[Round "?"]
[White "Hossa"]
[Black "Akib"]
[Result "1-0"]
[WhiteElo "2606"]
[BlackElo "2123"]
[PlyCount "35"]
[EventDate "2000.??.??"]

1. c4 d6 2. Nc3 e5 3. Nf3 Nc6 4. d4 exd4 5. Nxd4 Nf6 6. Nxc6 bxc6 7. g3 g6 8.
Bg2 Bd7 9. Qa4 d5 10. Qd1 Be6 11. O-O h6 12. Be3 Bg7 13. Qa4 Bd7 14. Qa6 O-O
15. cxd5 cxd5 16. Nxd5 Nxd5 17. Bxd5 Rb8 18. Qxg6 {Akib resigns} 1-0

[Event "ICS rated blitz match"]
[Site "204.178.125.65"]
[Date "2000.11.21"]
[Round "?"]
[White "QueenMaxima"]
[Black "Hossa"]
[Result "0-1"]
[WhiteElo "2549"]
[BlackElo "2540"]
[PlyCount "74"]
[EventDate "2000.??.??"]

1. d4 f5 2. c4 Nf6 3. Nc3 e6 4. Nf3 Be7 5. g3 O-O 6. Bg2 d6 7. O-O Nc6 8. Bf4
Nh5 9. Be3 f4 10. Bd2 fxg3 11. fxg3 Nf6 12. Bg5 Ng4 13. Bxe7 Nxe7 14. Qd3 Kh8
15. Rae1 Rb8 16. Nb5 a6 17. Nc3 Bd7 18. Kh1 Qe8 19. Qe4 Qh5 20. Kg1 e5 21. dxe5
Rxf3 22. Rxf3 Qxh2+ 23. Kf1 Nf5 24. Rxf5 Bxf5 25. Qf4 dxe5 26. Qf3 Qh6 27. Kg1
Rf8 28. e4 g6 29. Bh3 Qxh3 30. Re2 c6 31. a3 Kg8 32. exf5 Rxf5 33. Qg2 Qh6 34.
b3 Qc1+ 35. Nd1 Qxd1+ 36. Re1 Qxe1+ 37. Qf1 Qxf1# {QueenMaxima checkmated} 0-1

[Event "ICS rated blitz match"]
[Site "204.178.125.65"]
[Date "2000.11.21"]
[Round "?"]
[White "Hossa"]
[Black "Amateur"]
[Result "1-0"]
[WhiteElo "2556"]
[BlackElo "2514"]
[PlyCount "139"]
[EventDate "2000.??.??"]

1. c4 e5 2. Nc3 Nc6 3. d3 Bb4 4. a3 Bxc3+ 5. bxc3 Nf6 6. e4 b6 7. Be2 O-O 8. f4
d6 9. Nf3 exf4 10. Bxf4 Nh5 11. Be3 f5 12. Nd4 Nxd4 13. cxd4 Nf6 14. exf5 Bxf5
15. O-O Qe8 16. Bg5 Qg6 17. Qd2 Rae8 18. Bf4 Rf7 19. Rad1 c5 20. Bxd6 cxd4 21.
Rf2 Re3 22. Bg3 a5 23. a4 Nd7 24. Rf4 Rfe7 25. Bf1 Bg4 26. Rb1 Nc5 27. Rxd4
Nxa4 28. Bf4 Re2 29. Bxe2 Rxe2 30. Rd6 Qxd6 31. Qxe2 Bxe2 32. Bxd6 Bxd3 33. Ra1
Bc2 34. Ra2 Bd1 35. Rf2 g6 36. Rf8+ Kg7 37. Rf4 g5 38. Be5+ Kg8 39. Rf5 g4 40.
Kf2 h6 41. Rf4 h5 42. Rf5 Bb3 43. Rxh5 Kf7 44. Rg5 Ke6 45. Ke3 Bxc4 46. Rxg4
Kxe5 47. Rxc4 b5 48. Rc8 Kd6 49. Kd4 b4 50. Ra8 Nc5 51. Kc4 Nb7 52. Rb8 Kc7 53.
Rxb7+ Kxb7 54. h4 Kc6 55. h5 b3 56. Kxb3 Kc5 57. h6 Kd4 58. h7 Ke3 59. Kc4 Kf2
60. Kd3 Kxg2 61. Ke4 a4 62. h8=Q a3 63. Kf4 Kf1 64. Qh3+ Ke2 65. Qe3+ Kd1 66.
Qb3+ Kd2 67. Ke4 Ke1 68. Qe3+ Kd1 69. Qd3+ Kc1 70. Qc3+ {Amateur resigns} 1-0

[Event "ICS rated blitz match"]
[Site "204.178.125.65"]
[Date "2000.11.21"]
[Round "?"]
[White "Hossa"]
[Black "CosmicJoke"]
[Result "0-1"]
[WhiteElo "2570"]
[BlackElo "2837"]
[PlyCount "76"]
[EventDate "2000.??.??"]

1. Nf3 d5 2. g3 Bg4 3. Bg2 Nd7 4. O-O e5 5. d4 e4 6. Ne1 Ngf6 7. f3 exf3 8.
Bxf3 Bxf3 9. Nxf3 Bd6 10. Nh4 O-O 11. Nc3 Bb4 12. Bg5 h6 13. Bxf6 Nxf6 14. Rxf6
Qxf6 15. Nxd5 Qd6 16. e4 Ba5 17. Nf5 Qd8 18. c3 c6 19. Nde7+ Kh7 20. b4 Bc7 21.
Qh5 Qe8 22. Qh4 Bd8 23. e5 Bxe7 24. Nxe7 f5 25. exf6 Rxf6 26. Qe4+ g6 27. b5
Qf7 28. bxc6 Re6 29. cxb7 Rf8 30. Qb1 Qf2+ 31. Kh1 Qf3+ 32. Kg1 Qe3+ 33. Kh1
Rf2 34. Qf1 Qf3+ 35. Kg1 Ree2 36. Qh3 Rg2+ 37. Kh1 Rxh2+ 38. Kg1 Qf2# {
Hossa checkmated} 0-1

[Event "ICS rated blitz match"]
[Site "204.178.125.65"]
[Date "2000.11.21"]
[Round "?"]
[White "CosmicJoke"]
[Black "Hossa"]
[Result "1-0"]
[WhiteElo "2843"]
[BlackElo "2564"]
[PlyCount "95"]
[EventDate "2000.??.??"]

1. Nf3 c5 2. c4 Nf6 3. Nc3 b6 4. e4 Nc6 5. d3 g6 6. Qa4 Bg7 7. Be2 O-O 8. O-O
Bb7 9. Bf4 d6 10. Rad1 e6 11. Kh1 a6 12. Qa3 Ng4 13. Bg5 f6 14. Bh4 Qc7 15. d4
f5 16. dxc5 bxc5 17. exf5 gxf5 18. h3 Nge5 19. Nxe5 Bxe5 20. f4 Bf6 21. Bxf6
Rxf6 22. Bf3 Nd4 23. Bxb7 Qxb7 24. Rf2 Rb8 25. Rdd2 Rh6 26. Ne2 Qe4 27. Nxd4
cxd4 28. Qxd6 Rc8 29. Kh2 Rxc4 30. b3 Rc8 31. Rfe2 Qc6 32. Rxd4 Rg6 33. Qe5 Qc1
34. Rd6 Rc2 35. Rd8+ Kf7 36. Rd7+ Ke8 37. Ra7 Rxg2+ 38. Rxg2 Rxg2+ 39. Kxg2
Qc2+ 40. Kg3 Qd3+ 41. Kh4 Qd8+ 42. Kh5 Qd1+ 43. Kh6 Qd7 44. Ra8+ Ke7 45. Qc5+
Qd6 46. Ra7+ Kf6 47. Qxd6 a5 48. Qd8# {Hossa checkmated} 1-0

[Event "ICS rated blitz match"]
[Site "204.178.125.65"]
[Date "2000.11.21"]
[Round "?"]
[White "Hossa"]
[Black "QueenMaxima"]
[Result "0-1"]
[WhiteElo "2559"]
[BlackElo "2553"]
[PlyCount "84"]
[EventDate "2000.??.??"]

1. Nf3 d6 2. d4 g6 3. e4 e6 4. Bd3 Bg7 5. O-O Nc6 6. Bg5 Nge7 7. c3 h6 8. Be3
b6 9. Na3 Bb7 10. Nd2 O-O 11. Qg4 Kh7 12. Qh4 a5 13. Bg5 f6 14. Be3 f5 15. f3
fxe4 16. fxe4 Qd7 17. Qg4 h5 18. Qg5 Rae8 19. Nf3 Nd8 20. e5 Bxf3 21. Rxf3 Nf5
22. Rg3 Qf7 23. Bxf5 exf5 24. Bf4 Ne6 25. Qh4 Nxf4 26. Qxf4 dxe5 27. Qf2 f4 28.
Rh3 exd4 29. cxd4 Re4 30. Nc2 Rfe8 31. Qf1 Re2 32. Rc3 c5 33. Qd1 cxd4 34. Rf3
Qc4 35. Na3 Qb4 36. Kf1 d3 37. Rxd3 Qxb2 38. Nc2 Rxc2 39. Rf3 Bd4 40. Qxd4 Qxd4
41. Rb1 Qd2 42. Rxb6 Rc1# {Hossa checkmated} 0-1

[Event "ICS rated blitz match"]
[Site "204.178.125.65"]
[Date "2000.11.21"]
[Round "?"]
[White "QueenMaxima"]
[Black "Hossa"]
[Result "0-1"]
[WhiteElo "2569"]
[BlackElo "2543"]
[PlyCount "114"]
[EventDate "2000.??.??"]

1. d4 f5 2. c4 Nf6 3. g3 c6 4. Nf3 d6 5. Bg2 Qc7 6. O-O e5 7. dxe5 dxe5 8. Nh4
Be7 9. Qc2 f4 10. gxf4 exf4 11. Nf5 Bc5 12. Nd2 O-O 13. Nb3 Ng4 14. Be4 f3 15.
Ng3 fxe2 16. Qxe2 Bxf2+ 17. Kh1 Qe5 18. Nd2 Bxg3 19. Rxf8+ Kxf8 20. hxg3 Qxg3
21. Qf3+ Qxf3+ 22. Bxf3 Bf5 23. b3 Nd7 24. Bb2 Nde5 25. Rf1 Nxf3 26. Rxf3 g6
27. Ne4 Rd8 28. Ba3+ Kg8 29. Nd6 Rxd6 30. Bxd6 Be4 31. Kg2 g5 32. Kg3 Bxf3 33.
Kxf3 h5 34. Be7 Ne5+ 35. Ke4 Nf7 36. Bf6 Kh7 37. Kf5 Nd6+ 38. Ke6 Ne4 39. Bd4
c5 40. Bg1 Kg6 41. Ke5 Nc3 42. Bxc5 b6 43. Bd4 Nxa2 44. Bb2 h4 45. Ke6 Nc1 46.
b4 Ne2 47. Ke7 h3 48. Be5 Nf4 49. Kd7 h2 50. Kc8 h1=Q 51. Kb8 Qe4 52. Bc7 Qxc4
53. b5 Qxb5 54. Kxa7 Qc6 55. Bxb6 Ne6 56. Bc7 Nc5 57. Bb8 Qb7# {
QueenMaxima checkmated} 0-1

[Event "ICS rated blitz match"]
[Site "204.178.125.65"]
[Date "2000.11.21"]
[Round "?"]
[White "Hossa"]
[Black "QueenMaxima"]
[Result "1-0"]
[WhiteElo "2560"]
[BlackElo "2552"]
[PlyCount "141"]
[EventDate "2000.??.??"]

1. e3 g6 2. Nc3 Bg7 3. e4 b6 4. d4 Bb7 5. Nf3 c5 6. d5 Bxc3+ 7. bxc3 Nf6 8. Bd3
Qc7 9. c4 b5 10. cxb5 c4 11. Be2 Nxe4 12. Qd4 Nf6 13. Bxc4 Qa5+ 14. Bd2 Qb6 15.
Qd3 Qd6 16. Bc3 O-O 17. Be5 Qc5 18. Bd4 Qd6 19. Bxf6 Qxf6 20. O-O d6 21. Nd4
Nd7 22. Nc6 Ne5 23. Qe2 a6 24. Nxe5 Qxe5 25. Qxe5 dxe5 26. bxa6 Bxa6 27. Bxa6
Rxa6 28. c4 Rc8 29. Rfc1 Ra4 30. c5 Rd4 31. c6 Rxd5 32. Rc2 Rc7 33. f3 Rd6 34.
Rac1 Kg7 35. Kf2 Kf6 36. Ke3 h6 37. g4 h5 38. gxh5 gxh5 39. a3 Kf5 40. h3 h4
41. Rc5 Ke6 42. a4 f5 43. a5 f4+ 44. Ke2 Rd5 45. a6 Rxc5 46. Rxc5 Kd6 47. Rc4
Rxc6 48. Rxc6+ Kxc6 49. Kd3 Kb6 50. Ke4 Kxa6 51. Kxe5 Kb5 52. Kxf4 Kc4 53. Kg4
Kd4 54. Kxh4 e5 55. Kg4 e4 56. fxe4 Kxe4 57. h4 Ke5 58. Kg5 Ke6 59. Kg6 Ke7 60.
Kg7 Ke6 61. h5 Ke5 62. h6 Ke4 63. h7 Ke5 64. h8=Q Ke4 65. Qh3 Ke5 66. Qd3 Ke6
67. Qd4 Kf5 68. Qe3 Kg4 69. Kf6 Kh4 70. Kf5 Kh5 71. Qh3# {
QueenMaxima checkmated} 1-0

[Event "ICS rated blitz match"]
[Site "204.178.125.65"]
[Date "2000.11.21"]
[Round "?"]
[White "ChesterX"]
[Black "Hossa"]
[Result "1-0"]
[WhiteElo "2379"]
[BlackElo "2576"]
[PlyCount "149"]
[EventDate "2000.??.??"]

1. d4 f5 2. g3 e6 3. Bg2 Nf6 4. Nf3 d5 5. O-O Bd6 6. c4 dxc4 7. Qa4+ Bd7 8.
Qxc4 b5 9. Qd3 Bc6 10. Nc3 a6 11. Ng5 Bxg2 12. Kxg2 Qe7 13. d5 b4 14. dxe6 bxc3
15. Qxf5 c2 16. Qxc2 O-O 17. Qc4 Re8 18. Re1 h6 19. Ne4 Qxe6 20. Nxf6+ gxf6 21.
Qh4 Qe4+ 22. Qxe4 Rxe4 23. Bxh6 Nc6 24. Rac1 Nd4 25. Be3 Rae8 26. Rc4 Nf5 27.
Rxe4 Rxe4 28. Bd2 Bb4 29. Bxb4 Rxb4 30. b3 Nd4 31. h4 Rb6 32. h5 Rb5 33. e3 Nc2
34. Rc1 Nb4 35. a3 Nd3 36. Rc3 Ne5 37. e4 Nf7 38. g4 Rg5 39. f3 c5 40. Kf2 Nd6
41. Rd3 Nf7 42. Rd7 c4 43. bxc4 Ra5 44. a4 Rxa4 45. c5 Ra2+ 46. Kg3 Ne5 47. Rd6
Kf7 48. Rb6 Ra3 49. c6 Nxf3 50. c7 Ng5+ 51. Kg2 Rc3 52. Rb7 Ke8 53. h6 Rc2+ 54.
Kf1 a5 55. e5 fxe5 56. Rb8+ Kd7 57. Rg8 Nf7 58. h7 Kxc7 59. Rg7 Kc6 60. Rxf7
Rh2 61. g5 Rh1+ 62. Kg2 Rh5 63. g6 Rg5+ 64. Kf3 Rh5 65. g7 Rxh7 66. Rf6+ Kb5
67. g8=Q Rh3+ 68. Kg4 Rd3 69. Qe8+ Kb4 70. Rb6+ Kc3 71. Qxe5+ Kc2 72. Rb2+ Kc1
73. Ra2 Rd4+ 74. Qxd4 a4 75. Qa1# {Hossa checkmated} 1-0

[Event "ICS rated blitz match"]
[Site "204.178.125.65"]
[Date "2000.11.21"]
[Round "?"]
[White "Hossa"]
[Black "ChesterX"]
[Result "1-0"]
[WhiteElo "2552"]
[BlackElo "2403"]
[PlyCount "121"]
[EventDate "2000.??.??"]

1. d4 Nf6 2. c4 g6 3. Nc3 Bg7 4. e4 d6 5. Nf3 O-O 6. Be2 e5 7. O-O Na6 8. dxe5
dxe5 9. Bg5 h6 10. Bh4 Qxd1 11. Raxd1 Re8 12. a3 Be6 13. Nxe5 Nxe4 14. Nxe4
Bxe5 15. Rd2 Bf5 16. Nf6+ Bxf6 17. Bxf6 Nc5 18. Bf3 Be4 19. b4 Bxf3 20. gxf3
Re6 21. Bd8 Nb3 22. Rd7 c5 23. Kg2 Re2 24. Rb1 Rd2 25. Rxb7 Rdxd8 26. Rxb3 cxb4
27. axb4 Rdb8 28. Rxb8+ Rxb8 29. c5 Rc8 30. Rc3 a6 31. f4 Kf8 32. Kf3 f5 33.
Rd3 Ke7 34. Rd6 a5 35. bxa5 Rxc5 36. Rxg6 Rxa5 37. Rxh6 Ra3+ 38. Kg2 Ra4 39.
Kg3 Ra8 40. f3 Rg8+ 41. Kf2 Kf7 42. h4 Kg7 43. Rb6 Rh8 44. Kg3 Rh6 45. Rxh6
Kxh6 46. Kf2 Kg6 47. h5+ Kxh5 48. Ke3 Kh4 49. Kd4 Kg3 50. Ke5 Kf2 51. Kxf5 Kxf3
52. Ke5 Kg4 53. f5 Kg5 54. f6 Kg6 55. Ke6 Kh7 56. f7 Kg6 57. f8=Q Kg5 58. Qf3
Kh4 59. Qg2 Kh5 60. Kf5 Kh4 61. Qh2# {ChesterX checkmated} 1-0

[Event "ICS rated bullet match"]
[Site "204.178.125.65"]
[Date "2000.11.21"]
[Round "?"]
[White "Hossa"]
[Black "Marpy1"]
[Result "1-0"]
[WhiteElo "2610"]
[BlackElo "2377"]
[PlyCount "25"]
[EventDate "2000.??.??"]

1. d4 c6 2. c4 d5 3. Nf3 Nf6 4. cxd5 cxd5 5. Nc3 Nc6 6. Bg5 Qb6 7. Bxf6 gxf6 8.
Nxd5 Qxb2 9. Nc7+ Kd8 10. Nxa8 e5 11. dxe5+ Bd7 12. Qc1 Bb4+ 13. Kd1 {
Marpy1 resigns} 1-0

[Event "ICS rated blitz match"]
[Site "204.178.125.65"]
[Date "2000.11.21"]
[Round "?"]
[White "Hossa"]
[Black "ChesterX"]
[Result "1-0"]
[WhiteElo "2562"]
[BlackElo "2389"]
[PlyCount "82"]
[EventDate "2000.??.??"]

1. c4 g6 2. Nf3 Nf6 3. d4 Bg7 4. Nc3 d5 5. cxd5 Nxd5 6. e4 Nxc3 7. bxc3 c5 8.
Bc4 O-O 9. O-O Nc6 10. Bd5 cxd4 11. cxd4 Bg4 12. Be3 Bxf3 13. Qxf3 Nxd4 14.
Bxd4 Bxd4 15. Rab1 e6 16. Bxb7 Rb8 17. Rfd1 Qd6 18. a3 Rfd8 19. Kh1 Qc5 20. Rf1
Be5 21. g3 Rd2 22. Kg1 Rb2 23. Rxb2 Bxb2 24. Ba6 Qa5 25. Be2 Qxa3 26. Qf4 e5
27. Qf6 Qb4 28. Bd3 a5 29. Rd1 a4 30. Bc2 a3 31. Bb1 Bd4 32. Ba2 Qf8 33. Rc1
Rb7 34. h4 Ra7 35. h5 Rd7 36. hxg6 hxg6 37. Qxg6+ Kh8 38. Qh5+ Kg8 39. Qg4+ Qg7
40. Rc8+ Kh7 41. Qh3+ Qh6 {ChesterX resigns} 1-0

[Event "ICS rated blitz match"]
[Site "204.178.125.65"]
[Date "2000.11.21"]
[Round "?"]
[White "Manawa"]
[Black "Hossa"]
[Result "0-1"]
[WhiteElo "2055"]
[BlackElo "2571"]
[PlyCount "38"]
[EventDate "2000.??.??"]

1. g3 Nf6 2. b3 Nc6 3. Bb2 e5 4. Bg2 d5 5. d3 Bb4+ 6. Nd2 O-O 7. e3 e4 8. Ne2
Bf5 9. d4 Qd7 10. c4 Bg4 11. h3 Bf3 12. Bxf3 exf3 13. Nf4 dxc4 14. bxc4 Ne4 15.
Bc1 Nxd4 16. exd4 Qxd4 17. O-O Bxd2 18. Bxd2 Nxd2 19. Qa4 Nxf1 {Manawa resigns}
0-1

[Event "ICS rated blitz match"]
[Site "204.178.125.65"]
[Date "2000.11.21"]
[Round "?"]
[White "Hossa"]
[Black "Manawa"]
[Result "1-0"]
[WhiteElo "2573"]
[BlackElo "2053"]
[PlyCount "83"]
[EventDate "2000.??.??"]

1. d4 g6 2. e4 Bg7 3. Nf3 c6 4. Bd3 d5 5. e5 Nh6 6. O-O Bg4 7. c3 e6 8. h3 Bxf3
9. Qxf3 Nf5 10. Na3 Ne7 11. Bg5 h5 12. Bf6 Bxf6 13. Qxf6 O-O 14. Qf4 Kg7 15. g4
hxg4 16. hxg4 Rh8 17. Kg2 Nd7 18. Rh1 Qc7 19. Rxh8 Rxh8 20. Rh1 Rxh1 21. Kxh1
Qd8 22. Nc2 Qh8+ 23. Qh2 Qxh2+ 24. Kxh2 Nb6 25. b3 Nd7 26. f4 c5 27. Bb5 Nc6
28. Kg2 a6 29. Bxc6 bxc6 30. dxc5 Nxc5 31. Nb4 Ne4 32. c4 dxc4 33. bxc4 Nc3 34.
Kf3 f6 35. exf6+ Kxf6 36. g5+ Kf5 37. Nxc6 e5 38. Ne7+ Ke6 39. Nxg6 exf4 40.
Nxf4+ Kf5 41. g6 Kf6 42. Nd5+ {Manawa resigns} 1-0

[Event "ICS rated blitz match"]
[Site "204.178.125.65"]
[Date "2000.11.21"]
[Round "?"]
[White "Manawa"]
[Black "Hossa"]
[Result "0-1"]
[WhiteElo "2051"]
[BlackElo "2575"]
[PlyCount "88"]
[EventDate "2000.??.??"]

1. d4 d5 2. Nf3 Nf6 3. Bf4 c5 4. c3 Qb6 5. Qb3 Qxb3 6. axb3 cxd4 7. cxd4 Bf5 8.
Nc3 Nc6 9. e3 a6 10. Ne5 Rc8 11. Nxc6 Rxc6 12. Kd2 e6 13. Bd3 Bxd3 14. Kxd3 Kd7
15. f3 Nh5 16. Bg3 Nxg3 17. hxg3 Bb4 18. Rac1 h6 19. Na2 Bd6 20. Rxc6 bxc6 21.
b4 Bxg3 22. Ra1 Rb8 23. Kc2 Bf2 24. Kd3 Kd6 25. Rf1 Bg3 26. Ra1 e5 27. Kc3
exd4+ 28. exd4 Rb6 29. Nc1 Be1+ 30. Kc2 Bxb4 31. Nd3 a5 32. Nxb4 Rxb4 33. Rxa5
Rxd4 34. Ra7 Rc4+ 35. Kd3 Rf4 36. Ke3 g5 37. g3 Rb4 38. Rxf7 Rb3+ 39. Ke2 Rxb2+
40. Kd3 c5 41. Rf6+ Ke5 42. Rxh6 c4+ 43. Kc3 Rb3+ 44. Kd2 Rxf3 {Manawa resigns}
0-1

[Event "ICS rated blitz match"]
[Site "204.178.125.65"]
[Date "2000.11.21"]
[Round "?"]
[White "Hossa"]
[Black "Manawa"]
[Result "1-0"]
[WhiteElo "2576"]
[BlackElo "2050"]
[PlyCount "43"]
[EventDate "2000.??.??"]

1. d4 g6 2. e4 Bg7 3. Nf3 c6 4. Bd3 d5 5. e5 Bg4 6. h3 Bxf3 7. Qxf3 e6 8. O-O
h5 9. c3 Nd7 10. b3 b5 11. a4 a6 12. axb5 axb5 13. Bg5 Qb8 14. Na3 Bf8 15. Nc2
Rxa1 16. Rxa1 Ne7 17. Nb4 Qb7 18. Qf4 Ng8 19. Na6 Bg7 20. Bc2 Nb8 21. Nc5 Qc7
22. Ra8 {Manawa resigns} 1-0

[Event "ICS rated blitz match"]
[Site "204.178.125.65"]
[Date "2000.11.21"]
[Round "?"]
[White "Manawa"]
[Black "Hossa"]
[Result "0-1"]
[WhiteElo "2049"]
[BlackElo "2577"]
[PlyCount "102"]
[EventDate "2000.??.??"]

1. d4 d5 2. Nf3 Nf6 3. Bf4 c5 4. e3 Qb6 5. b3 Ne4 6. Bd3 Qb4+ 7. Nbd2 Nc3 8.
Qc1 cxd4 9. exd4 Qa5 10. O-O Bf5 11. Re1 Bxd3 12. cxd3 Na6 13. a3 Rc8 14. Qb2
e6 15. b4 Na4 16. Qa2 Qd8 17. Rac1 Be7 18. Qb3 Nb6 19. Qb2 Nc7 20. Nb3 Bd6 21.
Be5 Na4 22. Qd2 Bxe5 23. dxe5 Nb6 24. Nc5 Rb8 25. Rc2 O-O 26. Rec1 Qe7 27. Nd4
Rfc8 28. a4 Qh4 29. Nf3 Qd8 30. Nd4 Nd7 31. Nxd7 Qxd7 32. b5 Na8 33. Rxc8+ Rxc8
34. Rc3 Nb6 35. a5 Na4 36. Rxc8+ Qxc8 37. Qc2 Qc5 38. Kf1 Nc3 39. Nb3 Qb4 40.
b6 axb6 41. axb6 d4 42. Nd2 Qxb6 43. Nc4 Qc5 44. g3 b5 45. Nd6 f6 46. Qb3 Qxe5
47. Nxb5 Nxb5 48. Qb4 Qd5 49. Qe7 Qh1+ 50. Ke2 Nc3+ 51. Kd2 Qd1# {
Manawa checkmated} 0-1